LEADER 01268nam0 22003011i 450 001 UON00529917 005 20251128103815.229 100 $a20251128d1879 |0itac50 ba 101 $aita 102 $aIT 105 $a|||| ||||| 200 1 $aDescrittori italiani dell'Egitto e di Alessandria$ememoria del socio Giacomo Lumbroso$fReale Accademia dei Lincei 210 $aRoma$cSalviucci$d1879 215 $a139 p.$d28 cm 300 $aMemoria letta nella seduta del 15 giugno 1879 ; Estratto da: Memorie della Classe di scienze morali, storiche e filologiche, volume 3. serie 3 606 $aEgitto$xDescrizioni e viaggi$xSec. 19.$3UONC032006$2FI 606 $aViaggiatori italiani$xSec. 19.$3UONC013749$2FI 620 $aIT$dRoma$3UONL000004 702 1$aLumbroso$bGiacomo$3UONV102078 710 02$aAccademia dei Lincei$3UONV257420$04172 712 $aSalviucci Vincenzo$3UONV259414$4650 801 $aIT$bSOL$c20251205$gRICA 899 $aSIBA - SISTEMA BIBLIOTECARIO DI ATENEO E ARCHIVIO STORICO$2UONSI 912 $aUON00529917 950 $aSIBA - SISTEMA BIBLIOTECARIO DI ATENEO E ARCHIVIO STORICO$eSI MR 16971 7 996 $aDescrittori italiani dell'Egitto e di Alessandria$94459607 997 $aUNIOR 998 $a1